000 00819nam a2200253Ia 4500
003 OSt
005 20220926015331.0
006 a|||||r|||| 00| 0
007 ta
008 220923b |||||||| |||| 00| 0 eng d
020 _a9780195183337
_c2307.51
037 _b5748, 01/03/2017, RAJKIRAN BOOK AGENCY
_cGeneral Book
040 _aRTL
_cRTL
_beng
041 _2eng
_aeng
082 _aY73(Q6).73, P5
100 _aPETERSON Anna L
_917907
245 0 _aSeeds of the kingdom
_b Utopian communities in the Americans
260 _aNew York
_bOxford University Press
_c2005
300 _axi,181p.
_ccm.
500 _aBibliography: 603-648p.
650 _aSociology
942 _hY73(Q6).73, P5
_cGB
_2CC
999 _c631127
_d631127